[Event "SVK-ch U16/20 Girls"]
[Site "Liptovsky Mikulas"]
[Date "2019.04.30"]
[Round "9"]
[White "Datelova, Daniela"]
[Black "Bujnova, Sara"]
[Result "1-0"]
[WhiteElo "1461"]
[BlackElo "1268"]
[PlyCount "81"]
[EventDate "2019.04.23"]
[EventType "swiss"]
[EventRounds "9"]
[EventCountry "SVK"]
[SourceTitle "CBM 190 Extra"]
[Source "ChessBase"]
[SourceDate "2019.07.15"]
[SourceVersion "1"]
[SourceVersionDate "2019.07.15"]
[SourceQuality "1"]

1. c4 e5 2. Nc3 Nf6 3. g3 g6 4. Bg2 Bg7 5. e3 Nc6 6. Nge2 0-0 7. 0-0 d6 8. d4 exd4 9. exd4 Bf5 10. Be3 Qd7 11. Nf4 Ng4 12. Ncd5 Be6 13. Re1 Nxe3 14. fxe3 Bxd5 15. Nxd5 Rab8 16. b3 Ne7 17. Nf4 Nc6 18. Bh3 Qd8 19. Rc1 Re8 20. Qf3 Bh6 21. Nd5 Bg7 22. Rf1 Rf8 23. Qg4 Ne7 24. Rf2 Nxd5 25. cxd5 Bh6 26. Qf3 Qe7 27. Re2 Rfe8 28. Rce1 f5 29. e4 fxe4 30. Rxe4 Qf8 31. Be6+ Kh8 32. Qg4 a6 33. Rf1 Qe7 34. Rf7 Qg5 35. Qf3 Qc1+ 36. Kg2 Qd2+ 37. Kh3 Qg5 38. Rg4 Qh5+ 39. Kg2 Rf8 40. Qf6+ Kg8 41. Rxf8# 1-0

[Event "SVK-ch U16/20 Girls"]
[Site "Liptovsky Mikulas"]
[Date "2019.04.24"]
[Round "2"]
[White "Bobrova, Katarina"]
[Black "Bujnova, Sara"]
[Result "1-0"]
[WhiteElo "1587"]
[BlackElo "1268"]
[PlyCount "83"]
[EventDate "2019.04.23"]
[EventType "swiss"]
[EventRounds "9"]
[EventCountry "SVK"]
[SourceTitle "CBM 190 Extra"]
[Source "ChessBase"]
[SourceDate "2019.07.15"]
[SourceVersion "1"]
[SourceVersionDate "2019.07.15"]
[SourceQuality "1"]

1. d4 f5 2. Nf3 Nf6 3. Bf4 e6 4. e3 b6 5. Nbd2 Bb7 6. Bd3 Be7 7. 0-0 0-0 8. Re1 Nd5 9. Bg3 Bg5 10. h3 f4 11. exf4 Nxf4 12. Be4 Nc6 13. c3 Rb8 14. Qc2 g6 15. h4 Bh6 16. Bxf4 Bxf4 17. h5 Qf6 18. hxg6 hxg6 19. Nf1 Ne7 20. Bxb7 Rxb7 21. Qe4 Rbb8 22. Ne3 Bxe3 23. Qxe3 Nd5 24. Qd2 Qf4 25. Qd3 Qf5 26. Qe4 Nf6 27. Qxf5 gxf5 28. Rad1 Ne4 29. Ne5 Rbd8 30. d5 Ng5 31. dxe6 dxe6 32. Nd7 Rxd7 33. Rxd7 Rc8 34. Red1 Nf7 35. Re7 e5 36. Rdd7 Nd6 37. Rxe5 Kf8 38. b3 a5 39. c4 f4 40. c5 Nf7 41. Rf5 Ke8 42. Rdxf7 1-0

[Event "SVK-ch U16/20 Girls"]
[Site "Liptovsky Mikulas"]
[Date "2019.04.23"]
[Round "1"]
[White "Bujnova, Sara"]
[Black "Korenova, Simona"]
[Result "1/2-1/2"]
[WhiteElo "1268"]
[BlackElo "1757"]
[PlyCount "140"]
[EventDate "2019.04.23"]
[EventType "swiss"]
[EventRounds "9"]
[EventCountry "SVK"]
[SourceTitle "CBM 190 Extra"]
[Source "ChessBase"]
[SourceDate "2019.07.15"]
[SourceVersion "1"]
[SourceVersionDate "2019.07.15"]
[SourceQuality "1"]

1. e4 c5 2. Nf3 d6 3. Nc3 Nf6 4. Bb5+ Bd7 5. d3 g6 6. Be3 Bxb5 7. Nxb5 Qb6 8. c4 Bg7 9. Rb1 Nc6 10. 0-0 0-0 11. Qd2 a6 12. Nc3 Qc7 13. Bh6 e6 14. Bxg7 Kxg7 15. d4 cxd4 16. Nxd4 Nxd4 17. Qxd4 Rac8 18. b3 b5 19. Rbc1 e5 20. Qd3 bxc4 21. bxc4 Qxc4 22. Qxd6 Rfe8 23. Qa3 Rc6 24. Nd5 Qb5 25. Nxf6 Rxf6 26. Rb1 Qe2 27. Rfe1 Qc4 28. Qb3 Qxb3 29. axb3 Rb8 30. Re3 Rfb6 31. Ra1 Rxb3 32. Rxb3 Rxb3 33. h3 Rb6 34. Ra5 Kf6 35. Kh2 Re6 36. Kg3 Ke7 37. f4 exf4+ 38. Kxf4 f6 39. g4 g5+ 40. Kf3 Kd7 41. Ke3 Kc7 42. Rd5 Rd6 43. Rc5+ Rc6 44. Rf5 Re6 45. Rd5 Re5 46. Rd2 Rb5 47. Rf2 Rb6 48. Rc2+ Kb7 49. Ra2 Rb3+ 50. Kd4 Rxh3 51. Rf2 Rh4 52. Rxf6 Rxg4 53. Rf7+ Kc6 54. Rxh7 a5 55. Ra7 Kb5 56. Kd5 Rg1 57. e5 Re1 58. Rg7 Rg1 59. e6 a4 60. e7 Re1 61. Kd6 a3 62. Rxg5+ Kb4 63. Rg2 Kb3 64. Rg3+ Kb2 65. Rg2+ Kb1 66. Kd7 a2 67. e8Q Rxe8 68. Kxe8 a1Q 69. Rg1+ Kb2 70. Rxa1 Kxa1 1/2-1/2

[Event "SVK-ch U12 Girls"]
[Site "Liptovsky Mikulas"]
[Date "2016.04.23"]
[Round "9"]
[White "Korenova, Simona"]
[Black "Bujnova, Sara"]
[Result "1-0"]
[WhiteElo "1554"]
[BlackElo "1006"]
[PlyCount "119"]
[EventDate "2016.04.16"]
[EventType "swiss"]
[EventRounds "9"]
[EventCountry "SVK"]
[SourceTitle "CBM 172 Extra"]
[Source "ChessBase"]
[SourceDate "2016.06.21"]
[SourceVersion "1"]
[SourceVersionDate "2016.06.21"]
[SourceQuality "1"]

1. d4 d5 2. c4 Nf6 3. cxd5 Nxd5 4. e4 Nb6 5. Nc3 g6 6. Nf3 Bg7 7. Bf4 Bg4 8. Nb5 Na6 9. Be3 c6 10. Nc3 Bxf3 11. gxf3 Nc7 12. Bg2 0-0 13. f4 Ne6 14. e5 Nc4 15. b3 Nxe3 16. fxe3 Qa5 17. Qd3 Qa3 18. 0-0 Rad8 19. b4 c5 20. bxc5 Qxc5 21. Bxb7 Qa5 22. Rab1 Rd7 23. Rb5 Qd8 24. Qb1 Nc7 25. Rb4 e6 26. Bc6 Re7 27. e4 Na6 28. Ra4 Rc7 29. d5 Nc5 30. Rc4 Na6 31. Nb5 Rc8 32. Qc2 Nb8 33. Nxa7 Qb6+ 34. Qf2 Qxf2+ 35. Rxf2 exd5 36. exd5 Rcd8 37. a4 f6 38. e6 Nxc6 39. Nxc6 Rd6 40. Ne7+ Kh8 41. Rc6 Rfd8 42. Rxd6 Rxd6 43. Rc2 Bf8 44. Rc8 Kg7 45. Rc7 Bxe7 46. Rxe7+ Kf8 47. Rd7 Rb6 48. d6 Rb1+ 49. Kf2 Rb2+ 50. Ke3 Rb3+ 51. Kd2 Rb2+ 52. Kc3 Rb8 53. e7+ Ke8 54. Rd8+ Rxd8 55. exd8Q+ Kxd8 56. a5 Kc8 57. a6 g5 58. a7 Kb7 59. d7 Kxa7 60. d8Q 1-0

[Event "SVK-ch U12 Girls"]
[Site "Liptovsky Mikulas"]
[Date "2016.04.22"]
[Round "8"]
[White "Bujnova, Sara"]
[Black "Majerova, Ema"]
[Result "1-0"]
[WhiteElo "1006"]
[BlackElo "1000"]
[PlyCount "27"]
[EventDate "2016.04.16"]
[EventType "swiss"]
[EventRounds "9"]
[EventCountry "SVK"]
[SourceTitle "CBM 172 Extra"]
[Source "ChessBase"]
[SourceDate "2016.06.21"]
[SourceVersion "1"]
[SourceVersionDate "2016.06.21"]
[SourceQuality "1"]

1. e4 e5 2. Nf3 Bc5 3. Bc4 Nh6 4. d4 d5 5. dxc5 Be6 6. exd5 Bg4 7. Be2 0-0 8. Bxh6 e4 9. Ne5 Re8 10. Nxg4 Na6 11. 0-0 Nxc5 12. b4 Na4 13. Qd4 Qh4 14. Qxg7# 1-0

[Event "SVK-ch U12 Girls"]
[Site "Liptovsky Mikulas"]
[Date "2016.04.18"]
[Round "3"]
[White "Krahulcova, Martina"]
[Black "Bujnova, Sara"]
[Result "1-0"]
[WhiteElo "1000"]
[BlackElo "1006"]
[PlyCount "37"]
[EventDate "2016.04.16"]
[EventType "swiss"]
[EventRounds "9"]
[EventCountry "SVK"]
[SourceTitle "CBM 172 Extra"]
[Source "ChessBase"]
[SourceDate "2016.06.21"]
[SourceVersion "1"]
[SourceVersionDate "2016.06.21"]
[SourceQuality "1"]

1. e4 e5 2. Nf3 Nc6 3. Bc4 Bc5 4. Nxe5 Nxe5 5. d4 Nxc4 6. dxc5 d6 7. cxd6 Nxd6 8. 0-0 Bd7 9. Bf4 Nc4 10. e5 Nxb2 11. Qd4 Na4 12. Nc3 Nxc3 13. Qxc3 Ne7 14. Rab1 b6 15. Bg5 Nd5 16. Qg3 Qc8 17. Rbd1 Nb4 18. Qa3 Nxc2 19. Qe7# 1-0

[Event "SVK-chT2B 1516"]
[Site "Slovakia"]
[Date "2016.03.12"]
[Round "10.1"]
[White "Bujnova, Sara"]
[Black "Sopko, Rudolf"]
[Result "0-1"]
[WhiteElo "1006"]
[BlackElo "1858"]
[PlyCount "42"]
[EventDate "2015.10.17"]
[EventType "team-tourn"]
[EventRounds "11"]
[EventCountry "SVK"]
[SourceTitle "EXT 2019"]
[Source "ChessBase"]
[SourceDate "2018.10.10"]
[SourceVersion "1"]
[SourceVersionDate "2018.10.10"]
[SourceQuality "1"]
[WhiteTeam "Topolciansky CVC II"]
[BlackTeam "Trencin PK"]
[WhiteTeamCountry "SVK"]
[BlackTeamCountry "SVK"]

1. e4 e5 2. Nf3 Nc6 3. Bc4 Bc5 4. Nc3 Nh6 5. d3 0-0 6. Bxh6 gxh6 7. 0-0 Kh8 8. a3 d6 9. Qd2 f5 10. Qxh6 Rf6 11. Qg5 Qf8 12. Nd5 Rg6 13. Qh4 f4 14. h3 Qg7 15. Ne1 Be6 16. Kh2 Rg8 17. Rg1 Rh6 18. Qxh6 Qxh6 19. g4 fxg3+ 20. Rxg3 Rxg3 21. fxg3 Qxh3# 0-1

[Event "SVK-ch U10 Girls"]
[Site "Stara Lubovna"]
[Date "2014.04.12"]
[Round "7"]
[White "Bujnova, Sara"]
[Black "Subjakova, Kristina"]
[Result "1/2-1/2"]
[WhiteElo "1000"]
[BlackElo "1133"]
[PlyCount "134"]
[EventDate "2014.04.05"]
[EventType "swiss"]
[EventRounds "7"]
[EventCountry "SVK"]
[SourceTitle "EXT 2016"]
[Source "ChessBase"]
[SourceDate "2015.10.08"]
[SourceVersion "1"]
[SourceVersionDate "2015.10.08"]
[SourceQuality "1"]

1. e4 c5 2. Nf3 d6 3. Bc4 Nf6 4. Nc3 e5 5. Nd5 Nxe4 6. d3 Nf6 7. Bg5 Be7 8. Bxf6 Bxf6 9. 0-0 0-0 10. h3 Bd7 11. Nd2 b5 12. Nxf6+ Qxf6 13. Bd5 Nc6 14. Be4 Rac8 15. Qh5 h6 16. Rae1 Be6 17. b3 d5 18. Bf3 Bf5 19. Bxd5 Bg6 20. Qe2 Rfe8 21. Bxc6 Rxc6 22. Qf3 Bf5 23. Ne4 Bxe4 24. Qxf6 gxf6 25. Rxe4 Ra6 26. Rg4+ Kh7 27. Ra1 f5 28. Rg3 f6 29. Rf3 f4 30. g3 fxg3 31. Rxg3 Ree6 32. Kg2 Ra5 33. Kf3 f5 34. a4 bxa4 35. Rxa4 Rxa4 36. bxa4 Ra6 37. Ke2 Rxa4 38. c4 Rb4 39. Kd2 a5 40. Kc3 a4 41. Rg1 a3 42. Ra1 Rb2 43. f3 Rf2 44. Rxa3 Rxf3 45. Ra5 Rxh3 46. Rxc5 e4 47. Rxf5 Rxd3+ 48. Kc2 Rd7 49. Re5 Rd4 50. Re7+ Kg6 51. c5 Rc4+ 52. Kd2 Rxc5 53. Rxe4 Rf5 54. Re6+ Rf6 55. Rxf6+ Kxf6 56. Ke3 Kg5 57. Kf3 Kh4 58. Kf4 Kh3 59. Kf3 h5 60. Kf2 Kh2 61. Kf3 h4 62. Kf2 h3 63. Kf1 Kh1 64. Kf2 Kh2 65. Kf1 Kg3 66. Kg1 h2+ 67. Kh1 Kh3 1/2-1/2

[Event "SVK-ch U10 Girls"]
[Site "Stara Lubovna"]
[Date "2014.04.07"]
[Round "3"]
[White "Simonova, Stela"]
[Black "Bujnova, Sara"]
[Result "1-0"]
[WhiteElo "1000"]
[BlackElo "1000"]
[PlyCount "75"]
[EventDate "2014.04.05"]
[EventType "swiss"]
[EventRounds "7"]
[EventCountry "SVK"]
[SourceTitle "EXT 2016"]
[Source "ChessBase"]
[SourceDate "2015.10.08"]
[SourceVersion "1"]
[SourceVersionDate "2015.10.08"]
[SourceQuality "1"]

1. d4 f5 2. Nc3 Nf6 3. Bf4 e6 4. Nb5 d6 5. Nf3 b6 6. Nc3 Bb7 7. e3 Be7 8. Bc4 d5 9. Bb3 0-0 10. Nb5 Bd6 11. Ne5 a6 12. Nxd6 cxd6 13. Nf3 Nh5 14. Bg5 Qe8 15. 0-0 h6 16. Bf4 Nxf4 17. exf4 Nd7 18. Qe2 Rf7 19. Rfe1 Re7 20. c4 Kf8 21. Nh4 Nf6 22. Ba4 Qxa4 23. Ng6+ Kf7 24. Nxe7 Kxe7 25. Qxe6+ Kd8 26. Qe7+ Kc8 27. Qxg7 Nh5 28. Qf8+ Kc7 29. Re7+ Kc6 30. cxd5+ Kxd5 31. Qf7+ Kxd4 32. b3 Qc6 33. Rd1+ Kc5 34. Rc1+ Kb5 35. Rxc6 Bxc6 36. Qc4+ Ka5 37. Qxc6 Rb8 38. Qa4# 1-0

[Event "SVK-ch U10 Girls"]
[Site "Lubovna"]
[Date "2013.04.12"]
[Round "8"]
[White "Nemergutova, Lenka"]
[Black "Bujnova, Sara"]
[Result "1-0"]
[WhiteElo "1000"]
[BlackElo "1000"]
[PlyCount "123"]
[EventDate "2013.04.06"]
[EventType "tourn"]
[EventRounds "9"]
[EventCountry "SVK"]
[SourceTitle "CBM 153 Extra"]
[Source "ChessBase"]
[SourceDate "2013.04.22"]
[SourceVersion "1"]
[SourceVersionDate "2013.04.22"]
[SourceQuality "1"]

1. e4 e5 2. Nf3 Nf6 3. Nxe5 Qe7 4. f4 Nxe4 5. Bd3 d6 6. Bxe4 dxe5 7. fxe5 Qxe5 8. Qe2 Bc5 9. d3 Nc6 10. Bxc6+ bxc6 11. Qxe5+ Kd7 12. Qxc5 Re8+ 13. Be3 Re6 14. 0-0 Rd6 15. Bf4 Rd5 16. Qe3 Ba6 17. Re1 Kc8 18. Bg3 Rb5 19. Qf4 Rb7 20. Re8+ Kd7 21. Qf5+ Kxe8 22. Qe4+ Kd7 23. Nc3 Re8 24. Qd4+ Kc8 25. Qa4 Bb5 26. Nxb5 cxb5 27. Qb4 g6 28. d4 c6 29. Rd1 f5 30. Rd3 g5 31. Rc3 f4 32. Bxf4 gxf4 33. Rxc6+ Kd7 34. Rd6+ Kc8 35. Qc5+ Rc7 36. Qxb5 Rxc2 37. Qxe8+ Kb7 38. Qe7+ Rc7 39. Qe8 Rc8 40. Rd7+ Rc7 41. Rd8 Rc6 42. Rb8+ Kc7 43. Qc8+ Kd6 44. Qd8+ Ke6 45. Rb7 Rd6 46. Qe8+ Kd5 47. Rb4 a5 48. Ra4 h6 49. Rxa5+ Kxd4 50. Qe7 Rb6 51. Qd7+ Ke4 52. Rb5 Rf6 53. Rb4+ Ke5 54. Qb5+ Kd6 55. Qb6+ Ke5 56. Rb5+ Ke4 57. Qxf6 h5 58. Re5+ Kd4 59. Qd6+ Kc4 60. Rc5+ Kb4 61. Qb6+ Ka4 62. Ra5# 1-0

[Event "SVK-ch U10 Girls"]
[Site "Lubovna"]
[Date "2013.04.11"]
[Round "7"]
[White "Bujnova, Sara"]
[Black "Tomcikova, Dominika"]
[Result "0-1"]
[WhiteElo "1000"]
[BlackElo "1317"]
[PlyCount "56"]
[EventDate "2013.04.06"]
[EventType "tourn"]
[EventRounds "9"]
[EventCountry "SVK"]
[SourceTitle "CBM 153 Extra"]
[Source "ChessBase"]
[SourceDate "2013.04.22"]
[SourceVersion "1"]
[SourceVersionDate "2013.04.22"]
[SourceQuality "1"]

1. f4 Nf6 2. Nf3 e6 3. e3 Be7 4. b3 0-0 5. Bb2 Nc6 6. Bb5 Nb4 7. 0-0 a6 8. Bc4 d5 9. Bd3 Nxd3 10. cxd3 Bd7 11. Ne5 Be8 12. Qf3 Nd7 13. Nxd7 Bxd7 14. Qg3 g6 15. Qh3 Bf6 16. Nc3 b5 17. Rf3 b4 18. Nd1 Bb5 19. Bxf6 Qxf6 20. d4 c5 21. Rc1 cxd4 22. exd4 Qxd4+ 23. Rf2 Rac8 24. Rb1 Rc2 25. Qh6 Rxd2 26. f5 Rxd1+ 27. Rxd1 Qxd1+ 28. Rf1 Qxf1# 0-1